00793nam a2200193 a 450000100100000000500170001000800410002702000150006804000250008308200140010824000540012224501260017626000550030230000300035770000450038770000370043295201130046999900170058200003624120200930075629.0120111s1972 mx a 000 0 spa d a9682500923 aDO-SdBNPbspacBNPHU axxxxbE5610aHospital research and educational trustlInglés00aEnfermera auxiliar :bserie para auxiliares hospitalarios /ctraducción Amalia Vistrain de Morales, Vicente Agut Armer. aMéxico :bNueva Editorial Interamericana,c1972. a[350 p.] :bil. ;c27 cm.12aVistrain de Morales, Amalia,etr.96232412aAgut Armer, Vicente,etr.941657 0010507-18MOaGRbGRcOId2012-01-11iLF1l0oxxxx E56p36241-10r2020-06-25w2020-06-25y1ZNo se presta c35732d35732